000 00536nam a2200229Ia 4500
001 18255
003 GE_BSU
008 181216s||||||||xx |||||||||||||| ||und||
020 _a9780099554240
040 _cGE_BSU
080 _a821.111.09
100 _aLodge,David
245 4 _aThe Art of Fiction
260 _aLondon
260 _bVintage books
260 _c1992
300 _a240p.20cm
541 _h44 Gel.35 t.
653 _aAmerican fiction--History and criticism--Theory,
653 _aThe Art of Fiction
942 _cBK
999 _c51286
_d51286